| Registos Bibliográficos associados ao registo de autoridade |
|
Etiqueta de registo: 00000nkm 2200025 450 001 2279184 003 http://id.bnportugal.gov.pt/bib/catbnp/2279184 100 ## $a20260311d1992 m y0pory01030103ba 101 0# $apor 102 ## $aPT 200 1# $aFestival de Folclore Serrano, Festas de Lisboa 92, Tivoli, 13 junho$bVisual gráfico]$fCasa da Comarca de Arganil 210 #9 $aLisboa$cCasa da Comarca de Arganil,$d1992 215 ## $a1 cartaz$ccolor.$d49x33,5 cm 317 ## $aColeção Madeira Luís 710 02 $aCasa da Comarca de Arganil$33578 712 02 $aFestas de Lisboa, $eLisboa,$f1992$31994039 801 #0 $aPT$bBN$gRPC 966 ## $lBN$mICONOG$sCT. 15668 V.$x3 971 ## $cCaticonografia1$d20260311 995 ## $aPRR2026
|
|
|